Η μεταμόρφωση της Λάρισας : από τη λασπούπολη στη σύγχρονη μεγαλούπολη
Saved in:
| Main Author: | |
|---|---|
| Format: | Book |
| Language: | Greek |
| Published: |
Λάρισα :
Δημοτική Επιχείρηση Υδρευσης και Αποχέτευσης Λάρισας,
[χ.χ.]
|
| Subjects: | |
| Tags: |
Add Tag
No Tags, Be the first to tag this record!
|
MARC
| LEADER | 00000nam a2200000 i 4500 | ||
|---|---|---|---|
| 001 | 1/78521 | ||
| 008 | 970219q19901993 gre d | ||
| 035 | |a 1993 |b 2 |c Δωρεά |l 10032946 | ||
| 040 | |a GR-MY-UA |b gre |e aacr | ||
| 041 | 0 | |a gre | |
| 082 | 0 | |a 307.1216094954 | |
| 100 | 1 | |a Δημητρίου-Γιωτοπούλου, Μαρία. | |
| 245 | 1 | 2 | |a Η μεταμόρφωση της Λάρισας : |b από τη λασπούπολη στη σύγχρονη μεγαλούπολη / |c Μαρία Δημητρίου-Γιωτοπούλου |
| 260 | |a Λάρισα : |b Δημοτική Επιχείρηση Υδρευσης και Αποχέτευσης Λάρισας, |c [χ.χ.] | ||
| 300 | |a 47 σ. | ||
| 650 | 0 | 0 | |a City planning |z Greece |z Larisa. |
| 852 | |a INST |b RHODES |e 19970219 |h 307.1216094954 ΔΗΜ |p 005400000191 |q 005400000191 |t BK |y 0 | ||
| 909 | |a Ρ |b 027383 |c 1993 | ||
| 970 | |z 2000/06/ΟΙΚΟΝΟΜΟΠΟΥΛΟΥ (SUBJECT) | ||